[Event "blitzwomeanteam"]
[Site "?"]
[Date "2016.10.07"]
[Round "6.1"]
[White "Galliamova, Alisa"]
[Black "Kovalevskaya, Ekaterina"]
[Result "1-0"]
[LiveChessVersion "1.4.4"]
[BlackElo "2282"]
[WhiteElo "2403"]

1. d4 {[%clk 0:03:04]} d5 {[%clk 0:03:03]} 2. c4 {[%clk 0:03:05]} e6
{[%clk 0:03:04]} 3. Nc3 {[%clk 0:03:06]} c5 {[%clk 0:03:05]} 4. cxd5
{[%clk 0:03:05]} exd5 {[%clk 0:03:06]} 5. Nf3 {[%clk 0:03:06]} Nc6
{[%clk 0:03:07]} 6. g3 {[%clk 0:03:07]} Nf6 {[%clk 0:03:07]} 7. Bg2
{[%clk 0:03:08]} Be7 {[%clk 0:03:08]} 8. O-O {[%clk 0:03:09]} O-O
{[%clk 0:03:08]} 9. dxc5 {[%clk 0:03:10]} Bxc5 {[%clk 0:03:06]} 10. b3
{[%clk 0:03:11]} Bg4 {[%clk 0:02:39]} 11. Bb2 {[%clk 0:03:08]} Re8
{[%clk 0:02:38]} 12. Na4 {[%clk 0:03:02]} Bf8 {[%clk 0:02:31]} 13. Rc1
{[%clk 0:02:58]} Ne4 {[%clk 0:02:27]} 14. Nc3 {[%clk 0:02:52]} Nxc3
{[%clk 0:01:42]} 15. Rxc3 {[%clk 0:02:47]} d4 {[%clk 0:01:25]} 16. Rd3
{[%clk 0:02:39]} Bf5 {[%clk 0:01:21]} 17. Rd2 {[%clk 0:02:31]} d3
{[%clk 0:00:40]} 18. exd3 {[%clk 0:01:40]} Bb4 {[%clk 0:00:40]} 19. d4
{[%clk 0:01:27]} Bxd2 {[%clk 0:00:38]} 20. Qxd2 {[%clk 0:01:26]} Be4
{[%clk 0:00:31]} 21. Rd1 {[%clk 0:01:19]} Qd5 {[%clk 0:00:30]} 22. Nh4
{[%clk 0:01:16]} Bxg2 {[%clk 0:00:28]} 23. Nxg2 {[%clk 0:01:17]} Rad8
{[%clk 0:00:23]} 24. Ne3 {[%clk 0:01:18]} Qf3 {[%clk 0:00:21]} 25. d5
{[%clk 0:01:16]} Ne5 {[%clk 0:00:20]} 26. Bxe5 {[%clk 0:01:05]} Rxe5
{[%clk 0:00:21]} 27. d6 {[%clk 0:01:06]} Qc6 {[%clk 0:00:15]} 28. a4
{[%clk 0:00:58]} Re6 {[%clk 0:00:14]} 29. Nc4 {[%clk 0:00:58]} a6
{[%clk 0:00:14]} 30. a5 {[%clk 0:01:00]} h6 {[%clk 0:00:13]} 31. h4
{[%clk 0:00:56]} Rd7 {[%clk 0:00:12]} 32. Qf4 {[%clk 0:00:53]} Qe4
{[%clk 0:00:12]} 33. Qxe4 Rxe4 {[%clk 0:00:13]} 34. Nb6 {[%clk 0:00:49]} Rd8
{[%clk 0:00:14]} 35. d7 {[%clk 0:00:51]} Kf8 {[%clk 0:00:13]} 36. Rc1
{[%clk 0:00:52]} Ke7 {[%clk 0:00:13]} 37. Rc7 {[%clk 0:00:53]} Rd4
{[%clk 0:00:09]} 38. Rxb7 {[%clk 0:00:50]} Kd6 {[%clk 0:00:08]} 39. Ra7
{[%clk 0:00:48]} Kc6 {[%clk 0:00:08]} 40. Kg2 {[%clk 0:00:40]} g6
{[%clk 0:00:09]} 41. Kf3 {[%clk 0:00:40]} Rd6 {[%clk 0:00:09]} 42. Nc4
{[%clk 0:00:36]} Rd5 {[%clk 0:00:08]} 43. Rxa6+ {[%clk 0:00:35]} Kb7
{[%clk 0:00:07]} 44. Rb6+ {[%clk 0:00:35]} Kc7 {[%clk 0:00:09]} 45. a6
{[%clk 0:00:33]} R5xd7 {[%clk 0:00:09]} 46. Rb7+ {[%clk 0:00:34]} Kc6
{[%clk 0:00:10]} 47. Ne5+ {[%clk 0:00:35]} Kd6 {[%clk 0:00:10]} 48. Rxd7+
{[%clk 0:00:35]} Kd5 1-0

[Event "blitzwomeanteam"]
[Site "?"]
[Date "2016.10.07"]
[Round "6.2"]
[White "Pustovoitova, Daria"]
[Black "Ambartsumova, Karina"]
[Result "1/2-1/2"]
[LiveChessVersion "1.4.4"]
[BlackElo "2293"]
[WhiteElo "2405"]

1. Nf3 {[%clk 0:03:02]} Nf6 {[%clk 0:02:57]} 2. d4 {[%clk 0:03:01]} e6
{[%clk 0:02:58]} 3. c4 {[%clk 0:03:01]} d5 {[%clk 0:02:59]} 4. g3
{[%clk 0:03:03]} dxc4 {[%clk 0:02:56]} 5. Bg2 {[%clk 0:03:04]} Bb4+
{[%clk 0:02:57]} 6. Bd2 {[%clk 0:03:03]} a5 {[%clk 0:02:58]} 7. Qc2
{[%clk 0:03:01]} Bxd2+ {[%clk 0:02:58]} 8. Qxd2 {[%clk 0:03:01]} c6
{[%clk 0:02:59]} 9. a4 {[%clk 0:03:02]} Nbd7 {[%clk 0:02:42]} 10. Na3
{[%clk 0:02:45]} Nb6 {[%clk 0:02:25]} 11. Qc2 {[%clk 0:02:45]} Nfd5
{[%clk 0:02:10]} 12. Nxc4 {[%clk 0:02:42]} Nb4 {[%clk 0:02:11]} 13. Qc3
{[%clk 0:02:38]} O-O {[%clk 0:01:54]} 14. O-O {[%clk 0:02:38]} N6d5
{[%clk 0:01:41]} 15. Qd2 {[%clk 0:02:33]} b5 {[%clk 0:01:35]} 16. Nce5
{[%clk 0:02:27]} Bb7 {[%clk 0:01:34]} 17. Rfc1 {[%clk 0:02:22]} Qe7
{[%clk 0:01:17]} 18. Ne1 {[%clk 0:02:23]} Rfc8 {[%clk 0:01:12]} 19. N5d3
{[%clk 0:02:22]} Rd8 {[%clk 0:00:59]} 20. Nc5 {[%clk 0:02:00]} Ra7
{[%clk 0:00:58]} 21. f4 {[%clk 0:01:49]} Ba8 {[%clk 0:00:57]} 22. Nf3
{[%clk 0:01:37]} Nb6 {[%clk 0:00:49]} 23. b3 {[%clk 0:01:31]} f6 {[%clk 0:00:45]}
24. e3 {[%clk 0:01:30]} Kh8 {[%clk 0:00:41]} 25. Qe2 {[%clk 0:01:23]} Qe8
{[%clk 0:00:37]} 26. Bh3 {[%clk 0:01:23]} Re7 {[%clk 0:00:35]} 27. axb5
{[%clk 0:01:24]} cxb5 {[%clk 0:00:36]} 28. Rxa5 {[%clk 0:01:24]} Bc6
{[%clk 0:00:23]} 29. Bg2 {[%clk 0:01:20]} Rc7 {[%clk 0:00:21]} 30. Nd3
{[%clk 0:01:17]} Nxd3 {[%clk 0:00:17]} 31. Qxd3 {[%clk 0:01:18]} Be4
{[%clk 0:00:17]} 32. Qd2 {[%clk 0:01:19]} Rdc8 {[%clk 0:00:17]} 33. Rxc7
{[%clk 0:01:17]} Rxc7 {[%clk 0:00:18]} 34. Ne1 {[%clk 0:01:18]} Bxg2
{[%clk 0:00:16]} 35. Kxg2 {[%clk 0:01:16]} h6 36. Qe2 {[%clk 0:01:14]} Nd5
{[%clk 0:00:13]} 37. Qxb5 {[%clk 0:00:58]} Nxe3+ {[%clk 0:00:11]} 38. Kf3
{[%clk 0:00:59]} Qxb5 {[%clk 0:00:12]} 39. Rxb5 {[%clk 0:01:00]} Nf5
{[%clk 0:00:13]} 40. Rb8+ {[%clk 0:00:55]} Kh7 {[%clk 0:00:14]} 41. Ke4
{[%clk 0:00:51]} Rc3 {[%clk 0:00:14]} 42. Nd3 {[%clk 0:00:52]} Nd6+
{[%clk 0:00:13]} 43. Ke3 {[%clk 0:00:54]} Nf5+ {[%clk 0:00:14]} 44. Kd2
{[%clk 0:00:55]} Rc7 {[%clk 0:00:15]} 45. Rd8 {[%clk 0:00:55]} Ra7
{[%clk 0:00:15]} 46. b4 {[%clk 0:00:55]} Ra2+ {[%clk 0:00:16]} 47. Kc3
{[%clk 0:00:56]} Rxh2 48. b5 {[%clk 0:00:57]} Nxg3 {[%clk 0:00:16]} 49. b6
{[%clk 0:00:57]} Ne4+ {[%clk 0:00:17]} 50. Kb3 {[%clk 0:00:56]} Rh5
{[%clk 0:00:14]} 51. Kc4 {[%clk 0:00:52]} Nd2+ {[%clk 0:00:15]} 52. Kb4
{[%clk 0:00:53]} Rh1 {[%clk 0:00:14]} 53. Nb2 {[%clk 0:00:50]} Rb1
{[%clk 0:00:13]} 54. Kc3 {[%clk 0:00:52]} Ne4+ {[%clk 0:00:09]} 55. Kc2
{[%clk 0:00:53]} Rh1 {[%clk 0:00:06]} 56. b7 {[%clk 0:00:54]} Rh2+
{[%clk 0:00:07]} 57. Kb3 {[%clk 0:00:54]} Rh3+ {[%clk 0:00:08]} 58. Kb4
{[%clk 0:00:54]} Nd2 {[%clk 0:00:09]} 59. b8=Q {[%clk 0:00:53]} Rb3+
{[%clk 0:00:10]} 60. Kc5 {[%clk 0:00:53]} Rxb8 {[%clk 0:00:11]} 61. Rxb8
{[%clk 0:00:54]} Ne4+ {[%clk 0:00:12]} 62. Kc6 {[%clk 0:00:55]} h5
{[%clk 0:00:14]} 63. Nc4 {[%clk 0:00:53]} h4 {[%clk 0:00:14]} 64. Kd7
{[%clk 0:00:53]} h3 {[%clk 0:00:13]} 65. Rb2 {[%clk 0:00:53]} Ng3
{[%clk 0:00:10]} 66. Rh2 {[%clk 0:00:53]} Kg6 {[%clk 0:00:10]} 67. Rxh3
{[%clk 0:00:54]} Ne2 {[%clk 0:00:11]} 68. Rh2 {[%clk 0:00:44]} Nxf4
{[%clk 0:00:12]} 69. Kd6 {[%clk 0:00:44]} Kf5 {[%clk 0:00:13]} 70. Rf2
{[%clk 0:00:45]} g5 {[%clk 0:00:14]} 71. Ne3+ {[%clk 0:00:46]} Ke4
{[%clk 0:00:16]} 72. Ng4 {[%clk 0:00:46]} f5 {[%clk 0:00:17]} 73. Ne5
{[%clk 0:00:37]} Kxd4 {[%clk 0:00:16]} 74. Nf7 {[%clk 0:00:37]} Ke3
{[%clk 0:00:17]} 75. Rf1 {[%clk 0:00:37]} g4 {[%clk 0:00:19]} 76. Ng5
{[%clk 0:00:33]} Ne2 {[%clk 0:00:10]} 77. Kxe6 {[%clk 0:00:31]} f4
{[%clk 0:00:11]} 78. Ke5 {[%clk 0:00:29]} f3 {[%clk 0:00:11]} 79. Ne4
{[%clk 0:00:27]} g3 80. Ra1 {[%clk 0:00:15]} g2 {[%clk 0:00:06]} 81. Ra3+
{[%clk 0:00:16]} Nc3 {[%clk 0:00:07]} 82. Rxc3+ {[%clk 0:00:16]} Ke2
{[%clk 0:00:09]} 83. Rc2+ {[%clk 0:00:11]} Ke3 {[%clk 0:00:06]} 84. Rc3+
{[%clk 0:00:07]} Ke2 {[%clk 0:00:08]} 85. Rc2+ {[%clk 0:00:11]} Ke3 86. Rc3+ Ke2
{[%clk 0:00:14]} 87. Rc2+ Ke3 88. Rc3+ {[%clk 0:00:07]} Ke2 {[%clk 0:00:17]} 89.
Rc2+ Ke3 90. Rc3+ {[%clk 0:00:10]} Ke2 {[%clk 0:00:20]} 91. Rc2+ {[%clk 0:00:12]}
Ke3 {[%clk 0:00:21]} 92. Rc3+ {[%clk 0:00:13]} Ke2 93. Rc2+ Ke3 {[%clk 0:00:25]}
94. Rc1 {[%clk 0:00:08]} f2 {[%clk 0:00:22]} 95. Nxf2 {[%clk 0:00:06]} Kxf2
{[%clk 0:00:24]} 1/2-1/2

[Event "blitzwomeanteam"]
[Site "?"]
[Date "2016.10.07"]
[Round "6.3"]
[White "Nebolsina, Vera"]
[Black "Vasilevich, Irina"]
[Result "1/2-1/2"]
[LiveChessVersion "1.4.4"]
[BlackElo "2165"]
[WhiteElo "2226"]

1. g3 {[%clk 0:03:02]} c5 {[%clk 0:02:51]} 2. Bg2 {[%clk 0:02:54]} Nc6
{[%clk 0:02:51]} 3. c4 {[%clk 0:02:48]} g6 {[%clk 0:02:33]} 4. Nc3
{[%clk 0:02:47]} Bg7 {[%clk 0:02:34]} 5. e3 {[%clk 0:02:46]} d6 {[%clk 0:02:23]}
6. Nge2 {[%clk 0:02:45]} Nf6 {[%clk 0:02:18]} 7. b3 {[%clk 0:02:36]} a6
{[%clk 0:02:15]} 8. Bb2 {[%clk 0:02:33]} O-O {[%clk 0:02:15]} 9. O-O
{[%clk 0:02:33]} Bg4 {[%clk 0:02:11]} 10. h3 {[%clk 0:02:29]} Bd7
{[%clk 0:02:12]} 11. a4 {[%clk 0:02:25]} Rb8 {[%clk 0:02:01]} 12. d4
{[%clk 0:02:10]} Nb4 {[%clk 0:01:43]} 13. g4 {[%clk 0:01:54]} h5 {[%clk 0:01:06]}
14. g5 {[%clk 0:01:37]} Nh7 {[%clk 0:01:04]} 15. f4 {[%clk 0:01:30]} Qc8
{[%clk 0:01:05]} 16. Kh2 {[%clk 0:01:29]} Bf5 {[%clk 0:01:03]} 17. e4
{[%clk 0:01:15]} cxd4 18. Nxd4 {[%clk 0:01:15]} Bd7 {[%clk 0:01:05]} 19. Nd5
{[%clk 0:01:10]} Nxd5 {[%clk 0:01:01]} 20. exd5 {[%clk 0:01:10]} f6
{[%clk 0:00:52]} 21. Re1 {[%clk 0:01:04]} fxg5 {[%clk 0:00:32]} 22. Rxe7
{[%clk 0:01:03]} Bf6 {[%clk 0:00:33]} 23. Qd3 {[%clk 0:00:54]} Bf5
{[%clk 0:00:25]} 24. Nxf5 {[%clk 0:00:52]} Qxf5 {[%clk 0:00:25]} 25. Qe2
{[%clk 0:00:40]} Bxe7 {[%clk 0:00:23]} 26. Qxe7 {[%clk 0:00:40]} Qxf4+
{[%clk 0:00:24]} 27. Kh1 {[%clk 0:00:41]} Qf7 {[%clk 0:00:24]} 28. Qe3
{[%clk 0:00:39]} Rbe8 {[%clk 0:00:22]} 29. Qd4 {[%clk 0:00:37]} Qf6
{[%clk 0:00:20]} 30. Qd2 {[%clk 0:00:38]} Qf2 {[%clk 0:00:20]} 31. Qc3
{[%clk 0:00:38]} Qf6 {[%clk 0:00:15]} 32. Qd2 {[%clk 0:00:40]} Qf2
{[%clk 0:00:13]} 33. Qc3 {[%clk 0:00:41]} Qf6 {[%clk 0:00:14]} 34. Qd2
{[%clk 0:00:42]} Qf4 {[%clk 0:00:12]} 35. Qd3 {[%clk 0:00:32]} Qf5
{[%clk 0:00:10]} 36. Qd4 {[%clk 0:00:25]} Qe5 {[%clk 0:00:08]} 37. Qd2
{[%clk 0:00:26]} Qf4 {[%clk 0:00:08]} 38. Qd3 {[%clk 0:00:27]} Qf5
{[%clk 0:00:09]} 39. Qd4 {[%clk 0:00:26]} Qe5 {[%clk 0:00:10]} 1/2-1/2

[Event "blitzwomeanteam"]
[Site "?"]
[Date "2016.10.07"]
[Round "6.4"]
[White "Severina, Maria"]
[Black "Markelova, Lubov"]
[Result "1/2-1/2"]
[LiveChessVersion "1.4.4"]
[BlackElo "2199"]
[WhiteElo "2266"]

1. Nf3 {[%clk 0:03:03]} d5 {[%clk 0:03:02]} 2. g3 {[%clk 0:03:04]} Nf6
{[%clk 0:02:56]} 3. Bg2 {[%clk 0:03:05]} Bf5 {[%clk 0:02:49]} 4. c4
{[%clk 0:03:02]} e6 {[%clk 0:02:42]} 5. cxd5 {[%clk 0:02:54]} exd5
{[%clk 0:02:40]} 6. O-O {[%clk 0:02:54]} c6 {[%clk 0:02:39]} 7. d3
{[%clk 0:02:51]} Be7 {[%clk 0:02:37]} 8. Qb3 {[%clk 0:02:47]} Qb6
{[%clk 0:02:36]} 9. Qc2 {[%clk 0:02:47]} O-O {[%clk 0:02:32]} 10. Nc3
{[%clk 0:02:41]} Nbd7 {[%clk 0:02:29]} 11. e4 {[%clk 0:02:38]} dxe4
{[%clk 0:02:24]} 12. dxe4 {[%clk 0:02:39]} Bg6 {[%clk 0:02:19]} 13. Nh4
{[%clk 0:02:24]} Rfe8 {[%clk 0:02:03]} 14. Be3 {[%clk 0:02:15]} Qa5
{[%clk 0:01:57]} 15. Nxg6 {[%clk 0:02:06]} hxg6 {[%clk 0:01:58]} 16. h3
{[%clk 0:02:07]} Rad8 {[%clk 0:01:47]} 17. Rad1 {[%clk 0:02:05]} Bc5
{[%clk 0:01:35]} 18. Bxc5 {[%clk 0:01:50]} Qxc5 19. Qb3 {[%clk 0:01:44]} b5
{[%clk 0:01:17]} 20. Kh2 {[%clk 0:01:41]} a5 {[%clk 0:01:07]} 21. a3
{[%clk 0:01:32]} a4 {[%clk 0:01:04]} 22. Qc2 {[%clk 0:01:29]} Ne5
{[%clk 0:01:04]} 23. Qe2 {[%clk 0:01:16]} Nc4 {[%clk 0:00:55]} 24. Na2
{[%clk 0:01:01]} Qe5 {[%clk 0:00:41]} 25. Nb4 {[%clk 0:00:56]} Rxd1
{[%clk 0:00:28]} 26. Rxd1 {[%clk 0:00:53]} Qxb2 {[%clk 0:00:17]} 27. Qxb2
{[%clk 0:00:53]} Nxb2 {[%clk 0:00:18]} 28. Rb1 {[%clk 0:00:35]} Nc4
{[%clk 0:00:19]} 29. Nxc6 {[%clk 0:00:35]} Nxa3 {[%clk 0:00:17]} 30. Ra1
{[%clk 0:00:36]} Nc2 {[%clk 0:00:14]} 31. Rc1 {[%clk 0:00:30]} Na3
{[%clk 0:00:10]} 32. Ra1 {[%clk 0:00:31]} Nc2 {[%clk 0:00:10]} 33. Rc1
{[%clk 0:00:32]} Na3 {[%clk 0:00:11]} 34. Ra1 {[%clk 0:00:34]} Nc4
{[%clk 0:00:09]} 35. Nd4 {[%clk 0:00:35]} Nxe4 {[%clk 0:00:08]} 36. Bxe4
{[%clk 0:00:32]} Rxe4 {[%clk 0:00:09]} 37. Nxb5 {[%clk 0:00:33]} Re2
{[%clk 0:00:08]} 38. Kg2 {[%clk 0:00:26]} Rb2 {[%clk 0:00:06]} 39. Rxa4
{[%clk 0:00:23]} Ne3+ {[%clk 0:00:06]} 40. Kf3 {[%clk 0:00:24]} Rxb5
{[%clk 0:00:04]} 41. Kxe3 {[%clk 0:00:25]} 1/2-1/2

[Event "blitzwomeanteam"]
[Site "?"]
[Date "2016.10.07"]
[Round "6.5"]
[White "Sukhareva, Evgeniya"]
[Black "Bodnaruk, Anastasia"]
[Result "0-1"]
[LiveChessVersion "1.4.4"]
[BlackElo "2386"]
[WhiteElo "2258"]

1. d4 {[%clk 0:03:03]} Nf6 {[%clk 0:03:04]} 2. c4 {[%clk 0:03:05]} g6
{[%clk 0:03:05]} 3. Nc3 {[%clk 0:03:04]} Bg7 {[%clk 0:03:07]} 4. e4
{[%clk 0:03:06]} d6 {[%clk 0:03:08]} 5. f3 {[%clk 0:03:06]} O-O {[%clk 0:03:09]}
6. Bg5 {[%clk 0:03:04]} a6 {[%clk 0:03:10]} 7. Qd2 {[%clk 0:03:02]} c6
{[%clk 0:03:10]} 8. g4 {[%clk 0:02:46]} b5 {[%clk 0:03:06]} 9. h4 h5
{[%clk 0:02:49]} 10. Bxf6 {[%clk 0:02:25]} Bxf6 {[%clk 0:02:23]} 11. gxh5
{[%clk 0:02:26]} e5 {[%clk 0:02:18]} 12. d5 {[%clk 0:02:06]} Bxh4+
{[%clk 0:01:43]} 13. Kd1 {[%clk 0:02:07]} Bg5 {[%clk 0:01:41]} 14. Qg2
{[%clk 0:01:50]} Kg7 {[%clk 0:01:13]} 15. hxg6 {[%clk 0:01:37]} fxg6
{[%clk 0:01:06]} 16. Nge2 {[%clk 0:01:22]} Qf6 {[%clk 0:00:34]} 17. Kc2
{[%clk 0:01:10]} b4 {[%clk 0:00:28]} 18. Nd1 {[%clk 0:01:07]} Qxf3
{[%clk 0:00:24]} 19. Qxf3 {[%clk 0:00:48]} Rxf3 {[%clk 0:00:26]} 20. Bg2
{[%clk 0:00:46]} Rf8 {[%clk 0:00:27]} 21. Bh3 {[%clk 0:00:27]} cxd5
{[%clk 0:00:22]} 22. exd5 {[%clk 0:00:23]} Nd7 {[%clk 0:00:22]} 23. Rg1
{[%clk 0:00:17]} Bh6 {[%clk 0:00:19]} 24. Rf1 {[%clk 0:00:18]} Rxf1
{[%clk 0:00:18]} 25. Bxf1 {[%clk 0:00:19]} Nc5 {[%clk 0:00:20]} 26. Nf2
{[%clk 0:00:18]} Bf5+ {[%clk 0:00:21]} 27. Kd1 {[%clk 0:00:16]} Rf8
{[%clk 0:00:22]} 28. Bh3 {[%clk 0:00:05]} Bxh3 {[%clk 0:00:23]} 29. Nxh3
{[%clk 0:00:07]} Rf1+ {[%clk 0:00:24]} 0-1

[Event "blitzwomeanteam"]
[Site "?"]
[Date "2016.10.07"]
[Round "6.6"]
[White "Ovod, Evgenija"]
[Black "Drozdova, Dina"]
[Result "0-1"]
[LiveChessVersion "1.4.4"]
[BlackElo "2241"]
[WhiteElo "2195"]

1. d4 {[%clk 0:03:04]} g6 {[%clk 0:03:03]} 2. e4 {[%clk 0:03:04]} Bg7
{[%clk 0:03:04]} 3. c3 {[%clk 0:03:05]} d6 {[%clk 0:03:05]} 4. Bd3
{[%clk 0:03:06]} Nf6 {[%clk 0:03:06]} 5. Nf3 {[%clk 0:03:06]} O-O
{[%clk 0:03:05]} 6. O-O {[%clk 0:03:07]} c6 {[%clk 0:03:04]} 7. Re1
{[%clk 0:03:03]} Bg4 {[%clk 0:03:01]} 8. h3 {[%clk 0:03:01]} Bxf3
{[%clk 0:03:02]} 9. Qxf3 {[%clk 0:03:02]} e5 {[%clk 0:03:02]} 10. dxe5
{[%clk 0:02:41]} dxe5 {[%clk 0:03:03]} 11. a4 {[%clk 0:02:33]} Nbd7
{[%clk 0:03:03]} 12. Be3 {[%clk 0:02:26]} Qe7 {[%clk 0:02:59]} 13. Nd2
{[%clk 0:02:23]} Nc5 {[%clk 0:02:54]} 14. Bc2 {[%clk 0:02:24]} Ne6
{[%clk 0:02:39]} 15. Nc4 {[%clk 0:02:22]} Nh5 {[%clk 0:02:36]} 16. a5
{[%clk 0:02:17]} Nhf4 {[%clk 0:02:33]} 17. b4 {[%clk 0:01:57]} h5
{[%clk 0:02:20]} 18. Kh2 {[%clk 0:01:21]} h4 {[%clk 0:02:20]} 19. g3
{[%clk 0:01:11]} Nh5 {[%clk 0:01:45]} 20. Qg4 {[%clk 0:01:03]} hxg3+
{[%clk 0:01:43]} 21. fxg3 {[%clk 0:01:04]} Rfd8 {[%clk 0:01:40]} 22. h4
{[%clk 0:00:57]} Rd7 {[%clk 0:01:29]} 23. Rad1 {[%clk 0:00:58]} Rxd1
{[%clk 0:01:01]} 24. Rxd1 {[%clk 0:00:59]} c5 {[%clk 0:01:01]} 25. b5
{[%clk 0:00:55]} Rd8 {[%clk 0:01:01]} 26. b6 {[%clk 0:00:45]} axb6
{[%clk 0:01:00]} 27. axb6 {[%clk 0:00:40]} Rxd1 {[%clk 0:00:58]} 28. Qxd1
{[%clk 0:00:40]} Nf6 {[%clk 0:00:54]} 29. Kg2 {[%clk 0:00:37]} Nd7
{[%clk 0:00:41]} 30. Ba4 {[%clk 0:00:30]} Nf6 {[%clk 0:00:37]} 31. Qd6
{[%clk 0:00:18]} Bf8 {[%clk 0:00:20]} 32. Qxe7 Bxe7 {[%clk 0:00:22]} 33. Kf3
{[%clk 0:00:16]} Bd8 {[%clk 0:00:15]} 34. g4 {[%clk 0:00:11]} Kf8
{[%clk 0:00:16]} 35. g5 {[%clk 0:00:09]} Ne8 {[%clk 0:00:17]} 36. Bd7
{[%clk 0:00:07]} Ke7 {[%clk 0:00:14]} 37. Bxe6 {[%clk 0:00:04]} Kxe6
{[%clk 0:00:14]} 38. Bxc5 {[%clk 0:00:05]} f6 {[%clk 0:00:15]} 39. Be3
{[%clk 0:00:05]} Nd6 {[%clk 0:00:14]} 40. Nxd6 {[%clk 0:00:04]} Kxd6
{[%clk 0:00:15]} 41. c4 {[%clk 0:00:04]} fxg5 {[%clk 0:00:15]} 42. hxg5
{[%clk 0:00:04]} Kc6 {[%clk 0:00:16]} 43. Kg4 {[%clk 0:00:04]} Bxb6
{[%clk 0:00:15]} 44. Bd2 {[%clk 0:00:03]} Bd4 {[%clk 0:00:16]} 45. Bb4
{[%clk 0:00:05]} Bc5 {[%clk 0:00:14]} 46. Bc3 {[%clk 0:00:06]} Bd6
{[%clk 0:00:11]} 47. Bb2 {[%clk 0:00:07]} Bc7 {[%clk 0:00:08]} 48. Ba3
{[%clk 0:00:07]} Bd6 {[%clk 0:00:09]} 49. Bb2 {[%clk 0:00:08]} Kc5
{[%clk 0:00:10]} 50. Ba3+ {[%clk 0:00:09]} Kc6 {[%clk 0:00:11]} 51. Bb2
{[%clk 0:00:11]} Bc7 {[%clk 0:00:11]} 52. Ba3 {[%clk 0:00:12]} Bd6
{[%clk 0:00:12]} 53. Bb2 {[%clk 0:00:13]} Bc7 {[%clk 0:00:11]} 54. Ba3
{[%clk 0:00:15]} Bd6 {[%clk 0:00:11]} 55. Bb2 {[%clk 0:00:16]} Bc7
{[%clk 0:00:10]} 56. Ba3 {[%clk 0:00:18]} Bd6 {[%clk 0:00:10]} 57. Bb2
{[%clk 0:00:19]} Kb6 {[%clk 0:00:10]} 58. Kf3 {[%clk 0:00:14]} Ka5
{[%clk 0:00:10]} 59. c5 {[%clk 0:00:12]} Bc7 {[%clk 0:00:10]} 60. Bc1
{[%clk 0:00:11]} Kb4 {[%clk 0:00:10]} 61. Be3 {[%clk 0:00:11]} Kc4
{[%clk 0:00:11]} 62. Ke2 {[%clk 0:00:11]} Ba5 {[%clk 0:00:12]} 63. Bf2
{[%clk 0:00:10]} Bc7 {[%clk 0:00:11]} 64. Kd2 {[%clk 0:00:10]} Bb8
{[%clk 0:00:10]} 65. Ke2 {[%clk 0:00:11]} Bc7 {[%clk 0:00:10]} 66. Kd2
{[%clk 0:00:11]} Ba5+ {[%clk 0:00:11]} 67. Ke2 {[%clk 0:00:12]} Bc3
{[%clk 0:00:10]} 68. Kf3 {[%clk 0:00:09]} Bd4 {[%clk 0:00:10]} 69. Be1
{[%clk 0:00:08]} Kxc5 {[%clk 0:00:10]} 70. Ke2 {[%clk 0:00:09]} Kc4
{[%clk 0:00:11]} 71. Kd2 {[%clk 0:00:09]} Bc3+ {[%clk 0:00:12]} 0-1

[Event "blitzwomeanteam"]
[Site "?"]
[Date "2016.10.07"]
[Round "6.7"]
[White "Tomilova, Elena"]
[Black "Travkina, Anastasia"]
[Result "1-0"]
[LiveChessVersion "1.4.4"]
[BlackElo "2168"]
[WhiteElo "2223"]

1. d4 {[%clk 0:03:02]} d5 {[%clk 0:03:04]} 2. Nf3 {[%clk 0:03:02]} Nf6
{[%clk 0:03:05]} 3. Bf4 {[%clk 0:03:03]} c5 {[%clk 0:03:05]} 4. e3
{[%clk 0:03:01]} Nc6 {[%clk 0:03:05]} 5. c3 {[%clk 0:02:57]} Qb6 {[%clk 0:03:06]}
6. Qc1 {[%clk 0:02:55]} c4 {[%clk 0:03:04]} 7. Nbd2 {[%clk 0:02:52]} Qd8
{[%clk 0:02:58]} 8. b3 {[%clk 0:02:48]} b5 {[%clk 0:02:58]} 9. a4
{[%clk 0:02:43]} b4 {[%clk 0:02:38]} 10. cxb4 {[%clk 0:02:32]} e6
{[%clk 0:02:26]} 11. b5 {[%clk 0:02:29]} Na5 {[%clk 0:02:27]} 12. bxc4
{[%clk 0:02:24]} dxc4 {[%clk 0:02:26]} 13. Bxc4 {[%clk 0:02:01]} Nxc4
{[%clk 0:02:23]} 14. Qxc4 {[%clk 0:01:54]} Bb7 {[%clk 0:02:23]} 15. O-O
{[%clk 0:01:47]} Rc8 {[%clk 0:02:20]} 16. Qb3 {[%clk 0:01:46]} Bd5
{[%clk 0:02:15]} 17. Qb2 {[%clk 0:01:46]} Be7 {[%clk 0:02:05]} 18. Rfc1
{[%clk 0:01:36]} O-O {[%clk 0:02:05]} 19. Ne5 {[%clk 0:01:31]} Qb6
{[%clk 0:01:47]} 20. Ndc4 {[%clk 0:01:24]} Qb7 {[%clk 0:01:45]} 21. f3
{[%clk 0:01:21]} Nh5 {[%clk 0:01:20]} 22. Na5 {[%clk 0:01:12]} Qb6
{[%clk 0:01:18]} 23. Nac6 {[%clk 0:01:10]} Bf6 {[%clk 0:00:58]} 24. Nd7
{[%clk 0:01:07]} Qb7 {[%clk 0:00:56]} 25. Nxf6+ {[%clk 0:00:56]} gxf6
{[%clk 0:00:31]} 26. Bd6 {[%clk 0:00:52]} Rxc6 {[%clk 0:00:26]} 27. Rxc6
{[%clk 0:00:45]} Bxc6 {[%clk 0:00:24]} 28. Bxf8 {[%clk 0:00:45]} Kxf8
{[%clk 0:00:13]} 29. Qa3+ {[%clk 0:00:45]} Kg8 {[%clk 0:00:14]} 30. bxc6
{[%clk 0:00:46]} Qxc6 {[%clk 0:00:15]} 31. Rc1 {[%clk 0:00:44]} Qb6
{[%clk 0:00:11]} 32. Qc5 {[%clk 0:00:39]} Qb3 {[%clk 0:00:10]} 33. Kf2
{[%clk 0:00:31]} Kg7 {[%clk 0:00:11]} 34. g4 {[%clk 0:00:28]} Qb8
{[%clk 0:00:07]} 35. gxh5 {[%clk 0:00:23]} Qxh2+ {[%clk 0:00:08]} 36. Ke1
{[%clk 0:00:24]} Qg1+ {[%clk 0:00:07]} 37. Kd2 {[%clk 0:00:24]} 1-0